000 00390nam a22001457a 4500
003 SGT
020 _a9788180698279
082 _a384.3
_bM16B
100 _aShahid Rasool
245 _aEducational Television in India : Present Scenario and Future Prospects
260 _aNEW DELHI
_bCONCEPT PUB. COMPANY NEW DELHI
_c2012
300 _a252
650 _aMASS COMMUNICATION
942 _2ddc
_cBK
999 _c13064
_d13064